| 000 | 008060000a22001810004500 | ||
|---|---|---|---|
| 020 | _a958-42-0314-2 | ||
| 082 | 0 | 4 | _aG 863 M9719p |
| 100 | 1 | _aMuñoz, José Luis | |
| 245 | 1 | 0 | _aLa pérdida del paraíso : la trilogía del descubrimiento de América / José Luis Muñoz |
| 260 | _aBarcelona, España : Planeta | ||
| 300 | _avol.1, 333 p. | ||
| 500 | _aLa biblitoeca tiene el vol. 1 | ||
| 501 | _aRústico | ||
| 520 | _aResumen: buscando una nueva ruta hacia las Indias, Cristóbal Colón y su expedición pisan por primera vez tierra americana en Guanahaní, y se inicia de esta forma una de las más grandes epopeyas de la civilización occidental. | ||
| 650 | 1 | 4 | _aAMERICA - DESCUBRIMIENTO Y EXPLORACIONES - ESPAÑOLES \ CRISTOBAL COLON - COLOMBIA \ AMERICA - HISTORIA |
| 001 | 18064 | ||
| 942 | _cBK | ||
| 999 |
_c44554 _d44554 |
||